| 000 | 00000nam##2200000za#4500 |
| 001 | 9.647383 |
| 003 | CaOODSP |
| 005 | 20200330130031 |
| 007 | ta |
| 008 | 150407|1999||||xxc||||| f|0| 0 eng|d |
| 020 | |a0-662-27960-3 |
| 040 | |aCaOODSP|beng |
| 043 | |an-cn--- |
| 086 | 1 |aH49-123/1999E |
| 110 | 1 |aCanada.|bHealth Canada. |bHealth Protection Branch. |
| 245 | 10|aChild abuse : |breport and classification in health care settings / |cby Stanley K. Loo et al. Issued by the Child Maltreatment Division, Bureau of Reproductive and Child Health. |
| 260 | |aOttawa - Ontario : |bHealth Canada. |c1999. |
| 300 | |avi, 73p. : |btables ; |c28 cm. |
| 500 | |aContents: Introduction.--The definition, scope, and reporting of child abuse: a review of the literature.--Reporting child abuse: Canadian legislation and case law.--Reporting and classification of child abuse in selected hospital sites.--Recommendations regarding the reporting and classification of child abuse by health care professionals.--Appendices.--Bibliography. |
| 504 | |aBibliography. |
| 563 | |aSoftcover |
| 590 | |a99-33|b1999-08-20 |
| 690 | 07|aViolence against children|2gcpds |
| 690 | 07|aHealth policy|2gcpds |
| 720 | 1 |aLoo, Stanley K. |
| 775 | 08|tLa violence envers les enfants : |w(CaOODSP)9.680808 |
| 776 | 0#|tChild abuse : |w(CaOODSP)9.695417 |